[Event "Arab-ch"]
[Site "Sharjah"]
[Date "2024.11.15"]
[Round "9"]
[White "Yahya, Shuaib Al Kaff"]
[Black "Messala, Nouredine"]
[Result "0-1"]
[WhiteElo "1882"]
[BlackElo "2094"]
[PlyCount "122"]
[EventDate "2024.11.07"]
[EventType "swiss"]
[EventRounds "9"]
[EventCountry "UAE"]
[SourceTitle "CB47_2024"]
[SourceDate "2024.11.20"]
[SourceVersion "1"]
[SourceVersionDate "2024.11.20"]
[SourceQuality "1"]

1. d4 Nf6 2. c4 g6 3. Nc3 Bg7 4. e4 d6 5. Be2 0-0 6. Be3 e5 7. d5 a5 8. Nf3 Ng4 9. Bg5 f6 10. Bh4 h5 11. h3 Nh6 12. Nd2 Qd7 13. a3 Na6 14. Rb1 Nc5 15. b4 axb4 16. axb4 Na4 17. Qc2 Nxc3 18. Qxc3 g5 19. Bg3 h4 20. Bh2 f5 21. exf5 Nxf5 22. Ne4 Nd4 23. Bg4 Qf7 24. Bxc8 Rfxc8 25. Qd2 Nf3+ 26. gxf3 Qxf3 27. 0-0 Qxe4 28. Qxg5 Rf8 29. Rbc1 Ra3 30. Qg4 Qxg4+ 31. hxg4 Raf3 32. Ra1 Bh6 33. Kg2 h3+ 34. Kg1 Bd2 35. Rab1 Kg7 36. Ra1 Kh6 37. Bg3 Bxb4 38. Kh2 Bc5 39. Ra2 Kg5 40. Kxh3 Rh8+ 41. Kg2 Kxg4 42. Rb1 b6 43. Re1 Rhf8 44. Re4+ Kg5 45. Bh4+ Kh5 46. Bg3 Kg5 47. Bh4+ Kh5 48. Bg3 Rc3 49. Rae2 Rf5 50. Bh4 Bd4 51. Bd8 Rxc4 52. R2e3 Rf4 53. Rxf4 exf4 54. Re4 b5 55. Rxf4 Bb6 56. Rf5+ Kg4 57. Rf7 b4 58. f3+ Kh5 59. Kg3 b3 60. Rh7+ Kg6 61. Rh1 b2 0-1

[Event "Arab-ch"]
[Site "Sharjah"]
[Date "2024.11.13"]
[Round "7"]
[White "Yahya, Shuaib Al Kaff"]
[Black "Hassan Sidi, Mohamed Cheikh"]
[Result "1/2-1/2"]
[WhiteElo "1882"]
[BlackElo "1953"]
[PlyCount "73"]
[EventDate "2024.11.07"]
[EventType "swiss"]
[EventRounds "9"]
[EventCountry "UAE"]
[SourceTitle "CB47_2024"]
[SourceDate "2024.11.20"]
[SourceVersion "1"]
[SourceVersionDate "2024.11.20"]
[SourceQuality "1"]

1. d4 d5 2. c4 e6 3. Nc3 Nf6 4. Nf3 Nbd7 5. Bg5 c6 6. e3 Qa5 7. cxd5 Nxd5 8. Qd2 h6 9. Bh4 Nxc3 10. bxc3 Nb6 11. Bd3 Nd5 12. 0-0 Qxc3 13. Qe2 Be7 14. Bxe7 Nxe7 15. Ne5 0-0 16. Nc4 b5 17. Rfc1 Qb4 18. Rab1 Qa4 19. Ne5 a6 20. Qd2 Qa3 21. Rc5 f6 22. Rb3 Qa4 23. Nf3 e5 24. dxe5 Be6 25. Rb2 Rad8 26. exf6 Rxf6 27. Nd4 Qa3 28. Rbc2 Bf7 29. h3 Rfd6 30. Qe2 Kh8 31. Be4 Bc4 32. Qh5 Rd5 33. Rxd5 cxd5 34. Ne6 Rg8 35. Bh7 Kxh7 36. Ng5+ Kh8 37. Nf7+ 1/2-1/2

[Event "Arab-ch Rapid"]
[Site "Sharjah"]
[Date "2024.11.10"]
[Round "4"]
[White "Fawzy, Adham"]
[Black "Yahya, Shuaib Al Kaff"]
[Result "1-0"]
[WhiteElo "2498"]
[BlackElo "1882"]
[PlyCount "51"]
[EventDate "2024.11.10"]
[EventType "swiss (rapid)"]
[EventRounds "7"]
[EventCountry "UAE"]
[SourceTitle "CB47_2024"]
[SourceDate "2024.11.20"]
[SourceVersion "1"]
[SourceVersionDate "2024.11.20"]
[SourceQuality "1"]

1. e4 c5 2. Nf3 d6 3. Bb5+ Nd7 4. Ba4 a6 5. c4 g6 6. d4 cxd4 7. Nxd4 Ngf6 8. Nc3 Bg7 9. Be3 0-0 10. f3 Ne5 11. Qe2 Bd7 12. Bb3 Rc8 13. 0-0 Nc6 14. Nxc6 bxc6 15. c5 d5 16. exd5 cxd5 17. Qxa6 Bc6 18. Rad1 e5 19. Bg5 d4 20. Ne4 Qe7 21. Bxf6 Bxf6 22. Bd5 Bxd5 23. Nxf6+ Kg7 24. Nxd5 Qxc5 25. Qf6+ Kh6 26. Qxe5 1-0

[Event "Abu Dhabi op-B 30th"]
[Site "Abu Dhabi"]
[Date "2024.08.18"]
[Round "3"]
[White "Yahya, Shuaib Al Kaff"]
[Black "Barretto, Franz"]
[Result "0-1"]
[WhiteElo "1882"]
[BlackElo "2101"]
[PlyCount "78"]
[EventDate "2024.08.15"]
[EventType "swiss"]
[EventRounds "9"]
[EventCountry "UAE"]
[SourceTitle "EXT 2025"]
[Source "ChessBase"]
[SourceDate "2024.10.14"]
[SourceVersion "1"]
[SourceVersionDate "2024.10.14"]
[SourceQuality "1"]

1. d4 Nf6 2. c4 g6 3. Nc3 Bg7 4. e4 d6 5. Be2 0-0 6. Be3 Na6 7. Nf3 e5 8. d5 Ng4 9. Bg5 f6 10. Bh4 h5 11. h3 Nh6 12. Nd2 Nf7 13. Qc2 Bh6 14. g4 hxg4 15. hxg4 Nb4 16. Qa4 a5 17. a3 Bd7 18. Nb5 c6 19. axb4 cxb5 20. Qd1 Bxd2+ 21. Qxd2 g5 22. Bg3 axb4 23. 0-0 bxc4 24. Qxb4 b5 25. Rxa8 Qxa8 26. f3 Kg7 27. Rc1 Rh8 28. Bf1 Qa2 29. Bf2 Ra8 30. Bb6 Ra4 31. Qd2 Qb3 32. Rc3 Qb4 33. Qh2 Ra2 34. Rc2 Qb3 35. Qg2 Ra6 36. Rc3 Qd1 37. Qf2 Ra1 38. Kg2 Nh8 39. Qc2 Qxf1+ 0-1

[Event "Asia-ch U18"]
[Site "Al Ain"]
[Date "2023.12.16"]
[Round "3"]
[White "Yahya, Shuaib Al Kaff"]
[Black "Plyasunov, Daniil"]
[Result "0-1"]
[WhiteElo "1638"]
[BlackElo "2274"]
[PlyCount "76"]
[EventDate "2023.12.14"]
[EventType "swiss"]
[EventRounds "9"]
[EventCountry "UAE"]
[SourceTitle "EXT 2025"]
[Source "ChessBase"]
[SourceDate "2024.10.14"]
[SourceVersion "1"]
[SourceVersionDate "2024.10.14"]
[SourceQuality "1"]

1. d4 Nf6 2. c4 c5 3. Nf3 cxd4 4. Nxd4 Nc6 5. Nc3 e6 6. e4 Bb4 7. Nxc6 bxc6 8. Bd3 Qc7 9. 0-0 0-0 10. Bg5 Be7 11. Qe1 Ng4 12. f4 Bxg5 13. Qg3 Qb6+ 14. Kh1 Ne3 15. Qxg5 Nxf1 16. Rxf1 Qxb2 17. Ne2 Qf6 18. Qc5 d6 19. Qxd6 Rd8 20. Qxc6 Bd7 21. Qc7 Rac8 22. Qxa7 Qb2 23. Rf3 Bc6 24. Qf2 Rxd3 25. Rxd3 Qb1+ 26. Nc1 Qxc1+ 27. Qg1 Qxc4 28. Qd4 Qxd4 29. Rxd4 Bxe4 30. Kg1 Bd5 31. a3 Rc1+ 32. Kf2 g6 33. g4 Rc2+ 34. Kg3 Rc3+ 35. Kh4 Rxa3 36. f5 Kg7 37. Kg5 f6+ 38. Kh4 g5+ 0-1

[Event "World Cup U14 Prel"]
[Site "Tornelo INT"]
[Date "2021.08.11"]
[Round "10"]
[White "Yahya, Shuaib Al Kaff"]
[Black "Colev, Ivor"]
[Result "1/2-1/2"]
[WhiteElo "1388"]
[BlackElo "1901"]
[PlyCount "88"]
[EventDate "2021.08.11"]
[EventType "swiss (rapid)"]
[EventRounds "10"]
[EventCountry "NET"]
[SourceTitle "EXT 2025"]
[Source "ChessBase"]
[SourceDate "2024.10.14"]
[SourceVersion "1"]
[SourceVersionDate "2024.10.14"]
[SourceQuality "1"]

1. d4 f5 2. Bf4 Nf6 3. e3 g6 4. Nf3 Bg7 5. Nbd2 d6 6. Bc4 e6 7. 0-0 0-0 8. c3 Kh8 9. Bg5 h6 10. Bh4 g5 11. Bxg5 hxg5 12. Nxg5 d5 13. Bd3 Qe8 14. Be2 Qg6 15. h4 Bh6 16. f4 Rg8 17. Ndf3 Nc6 18. b4 Ng4 19. b5 Nd8 20. Ne5 Nxe5 21. dxe5 Bd7 22. c4 c6 23. cxd5 exd5 24. Bh5 Qg7 25. Qd3 Bxg5 26. hxg5 Qh7 27. Bf3 Qg6 28. Kf2 Kg7 29. Rh1 Rh8 30. Rxh8 Kxh8 31. Rh1+ Kg8 32. Bh5 Qg7 33. Bf3 Qf7 34. Rh5 Ne6 35. g6 Qxg6 36. Rxf5 cxb5 37. Bh5 Qh6 38. Bf7+ Kh8 39. Rf6 Qh4+ 40. g3 Qh2+ 41. Kf3 Qh1+ 42. Kf2 Qh2+ 43. Kf3 Qh1+ 44. Kf2 Qh2+ 1/2-1/2